Linear algebra: examples and application (Record no. 1908)

MARC details
000 -LEADER
fixed length control field 00437 a2200169 4500
001 - CONTROL NUMBER
control field 068118
003 - CONTROL NUMBER IDENTIFIER
control field OSt
005 - DATE AND TIME OF LATEST TRANSACTION
control field 20220125120651.0
008 - FIXED-LENGTH DATA ELEMENTS--GENERAL INFORMATION
fixed length control field
082 ## - DEWEY DECIMAL CLASSIFICATION NUMBER
Classification number 512.5
Item number R54L
100 1# - MAIN ENTRY--PERSONAL NAME
Personal name Robert, Alain M.
245 1# - TITLE STATEMENT
Title Linear algebra: examples and application
Statement of responsibility, etc by Alain M. Robert
260 ## - PUBLICATION, DISTRIBUTION, ETC. (IMPRINT)
Place of publication, distribution, etc New Jersey
Name of publisher, distributor, etc World Scientific
Date of publication, distribution, etc 2005
300 ## - PHYSICAL DESCRIPTION
Extent 372p.
653 ## - INDEX TERM--UNCONTROLLED
Uncontrolled term Algebra, Linear
942 ## - ADDED ENTRY ELEMENTS (KOHA)
Source of classification or shelving scheme Dewey Decimal Classification
Koha item type Books
Holdings
Withdrawn status Lost status Source of classification or shelving scheme Damaged status Not for loan Collection code Home library Current library Date acquired Source of acquisition Cost, normal purchase price Total Checkouts Full call number Barcode Date last seen Date checked out Price effective from Koha item type
    Dewey Decimal Classification     General Text Book Central University Of Rajasthan Central University Of Rajasthan 07/03/2012 MTH 2277.00 2 512.5 R54L 2405 21/11/2024 06/03/2024 02/09/2020 Books